000 01871na a2200409 4500
001 14803
003 MIRAKIL
005 20181213154835.0
008 170224b tu 000 0
035 _a14803
040 _aMilas
_btur
_cTR-AnCHP
041 _atur
082 _aCHP 370.9561
_bA91t 2010
090 _aCHP 370.9561 A91t 2010
100 _aAybek, Şahin
_d1977-
245 _aTürkiye'nin eğitim sorunları ve çözüm önerileri
_cŞahin Aybek
246 _aTürkiyenin eğitim sorunları ve çözüm önerileri
260 _aAnkara
_bCHP
_c2010
300 _a383 s.
_bres.
_c30 sm.
490 _aCumhuriyet Halk Partisi yayınları
500 _aDış kapakta yapıt adı : Eğitimin genel sorunları -- Eğitimin güncel sorunları -- CHP ve eğitim - Atatürk'ün eğitim ile ilgili görüşleri - Deniz Baykal'ın eğitim ile ilgili görüşleri - CHP programında eğitim - CHP iktidarında öğretmen -- CHP iktidarında mesleki eğitim.
505 _aEğitimin genel sorunları -- Eğitimin güncel sorunları -- CHP ve eğitim - Atatürk'ün eğitim ile ilgili görüşleri - Deniz Baykal'ın eğitim ile ilgili görüşleri - CHP programında eğitim - CHP iktidarında öğretmen -- CHP iktidarında mesleki eğitim.
610 _aCHP
_xEğitim politikaları
610 _aCHP
_xEğitim sorunları
_yÇözüm önerileri
650 _aEğitim
_zTürkiye
740 _aCHP iktidarında mesleki eğitim
740 _aCHP iktidarında öğretmen
740 _aCHP programında eğitim
740 _aDeniz Baykal'ın eğitim ile ilgili görüşleri
740 _aAtatürk'ün eğitim ile ilgili görüşleri
740 _aCHP ve eğitim
740 _aEğitimin güncel sorunları
740 _aEğitimin genel sorunları
810 _aCumhuriyet Halk Partisi (CHP)
830 _aCHP yayınları
942 _2dcc
_cBKS
999 _c1804
_d1804